000 00361nam a2200145Ia 4500
008 210716s2011 xx 000 0 und d
020 _a9780143416210
041 _aeng
082 _a423 DICT
245 _aIllustrated oxford dictionary.
250 _a1
260 _aNew York
_bOxford University Press
_c2011
300 _a800
650 _aDicotyledones(583)
999 _c207262
_d207262